The study of syntax: the generative transformational approach to the structure of american english
Uloženo v:
| Hlavní autor: | |
|---|---|
| Médium: | Kniha |
| Jazyk: | angličtina |
| Vydáno: |
Nueva York
Holt, Rinehart and Winston
1969
|
| Edice: | The Transatlantic Series in Linguistics
|
| Témata: | |
| Tagy: |
Přidat tag
Žádné tagy, Buďte první, kdo vytvoří štítek k tomuto záznamu!
|
MARC
| LEADER | 00000nam a2200000 a 4500 | ||
|---|---|---|---|
| 001 | UCI2163 | ||
| 003 | CL-VaPUC | ||
| 008 | 070803e19690000US |||||||||||||||||eng|d | ||
| 020 | |a 030753708 | ||
| 082 | 0 | 4 | |a 415 |b LAN |2 21 |
| 100 | 0 | |a Langendoen, D. Terence |e author |9 523056 | |
| 245 | 1 | 4 | |a The study of syntax: the generative transformational approach to the structure of american english |
| 300 | |a 174 p | ||
| 942 | |c BK | ||
| 945 | |d 20070803 00:00:00 |a jtorresc | ||
| 260 | |a Nueva York |b Holt, Rinehart and Winston |c 1969 | ||
| 650 | 0 | |a Sintaxis |9 318843 | |
| 650 | 0 | |a Gramática |9 270497 | |
| 650 | 0 | |a Gramática funcional |9 464898 | |
| 650 | 0 | |a Semántica |9 265318 | |
| 583 | |a last modification |c 20070803 00:00:00 |k Rodrigo Vera | ||
| 490 | 0 | |a The Transatlantic Series in Linguistics | |
| 999 | |c 326798 |d 326796 | ||
| 952 | |0 0 |1 0 |4 0 |6 415_000000000000000_LAN_1969 |7 0 |8 A |9 408938 |a FDOPOS |b FDOPOS |d 2019-11-22 |i 4360729 |o 415 LAN 1969 |p 4360729 |r 2025-01-22 |w 2019-11-22 |y BK |k MLA | ||